Loading...
| Literature - American Literature | 0 | 3 | 0 | 0 | 30 | 86 | 101.67 | 0 | 0 |
| Literature - European Literature | 0 | 3 | 0 | 0 | 30 | 64 | 107.00 | 0 | 1 |
| Science - Biology | 0 | 3 | 0 | 1 | 30 | 122 | 124.00 | 0 | 0 |
| Literature - World Literature | 0 | 3 | 0 | 1 | 30 | 111 | 126.00 | 0 | 0 |
| Fine Arts - Classical Music | 0 | 2 | 1 | 0 | 15 | 94 | 101.50 | 0 | 0 |
| Science - Other Science | 0 | 2 | 1 | 0 | 15 | 76 | 87.50 | 0 | 2 |
| Science - Chemistry | 0 | 1 | 0 | 0 | 10 | 90 | 90.00 | 0 | 0 |
| Social Science | 0 | 1 | 0 | 0 | 10 | 53 | 53.00 | 1 | 1 |
| Fine Arts - Painting and Sculpture | 0 | 1 | 0 | 0 | 10 | 112 | 112.00 | 0 | 0 |
| History - World History | 0 | 1 | 0 | 0 | 10 | 126 | 126.00 | 0 | 0 |
| Other Academic | 0 | 1 | 0 | 0 | 10 | 93 | 93.00 | 0 | 0 |
| Philosophy | 0 | 1 | 0 | 0 | 10 | 106 | 106.00 | 0 | 0 |
| Religion | 0 | 1 | 0 | 1 | 10 | 127 | 127.00 | 0 | 0 |
| Literature - British Literature | 0 | 1 | 1 | 0 | 5 | 134 | 134.00 | 0 | 0 |